Podrazy po česku

Titel: Podrazy po česku / Martin Waller ; Karel Fišer
Verfasser:
Beteiligt:
Ausgabe: Vyd. 1.
Veröffentlicht: Loukovice : Karel Fier, 2008
Umfang: 266 S.
Format: Buch
Sprache: Tschechisch
ISBN: 9788025432174
Buchumschlag
X
Lokale Klassifikation: 23 10 F
alg: 21439972
001A    $03004:31-07-09 
001B    $01999:03-06-23 $t04:22:01.000 
001C    $03004:31-07-09 $t16:45:02.000 
001D    $03004:17-09-09 
001U    $0utf8 
001X    $00 
002@    $0Aau 
003@    $0214399729 
003O    $0610027534 $aOCoLC 
004A    $A978-80-254-3217-4 
007A    $0214399729 $aHEB 
007G    $0DE0204D1019E752BDDECFC125793D004C00C4 
007T    $0Herdhh214399729 
009P    $qapplication/pdf $A2 $3Inhaltsverzeichnis $uhttp://scans.hebis.de/HEBCGI/show.pl?21439972_toc.pdf $mV:DE-603;B:DE-Mb50 
010@    $acze 
011@    $a2008 
013H    $0z 
021A    $aPodrazy po česku $hMartin Waller ; Karel Fišer 
028A    $#Waller, Martinus $7 $8Waller, Martin [Tnd] $9138482373 
028B/01 $7139240322 $8Fišer, Karel$Z1960- [Tp3] $9215885368 
032@    $aVyd. 1. 
033A    $pLoukovice $nKarel Fier 
034D    $a266 S. 
045F    $a800 $eDDC23BSB 
045F/01 $a800 
045F/03 $g4371 

lok: 21439972 24
101B    $017-09-09 $t08:28:02.000 
101C    $017-09-09 
101U    $0utf8 
145Z/01 $a23 10 F 

exp: 21439972 24 1 #EPN
201B/01 $017-09-09 $t08:28:02.000 
201C/01 $031-07-09 
201U/01 $0utf8 
203@/01 $0579996506 
208@/01 $a17-09-09 $bz 
209A/01 $a09.5694 $du $f050 $h09 5694 $x00 
209C/01 $a09.5694 K $h09 5694 K 
209G/01 $a71783570 $x00 
220C/01 $akon 
247C/01 $8358050-7 Marburg, Bibliothek des Herder-Instituts Marburg $9102600961 

lok: 21439972 78

exp: 21439972 78 1 #EPN
201B/01 $026-11-17 $t00:23:59.000 
201U/01 $0utf8 
203@/01 $0792972724 
208@/01 $a12-11-16 $be 
209A/01 $a/ $f000 $x00 
237A/01 $aweiterführende Signatur(en):  09.5694 
244Z/01 $#Tschechien $#Tschechische Republik $#Tschechische Republik $#Tschechenland $#Tschechei Tschechien $#Česká Republika $#Czech Republic $#ČR $74303381-7 $8--Tg1--Tschechien $x01 $9086659812 
244Z/01 $2Trx $#Böhmen $#Bohemia $#Czechy $8--Trx--Čechy $x02 $9391188941 
244Z/01 $2Trx $8--Trx--Monographie $x03 $9391384546 
247C/01 $82080>Marburg/Lahn, Herder-Institut, Forschungsbibliothek, Bibliographieportal $9336309341
LEADER 00000cam a2200000 c 4500
001 214399729
003 DE-603
005 20230603042201.0
007 tu
008 090731s2008 xx |||| | u00||u|cze c
020 |a 9788025432174 
035 |a (DE-599)HEB214399729 
035 |a (OCoLC)610027534 
040 |a DE-603  |b ger  |c DE-603  |d DE-603 
041 |a cze 
082 0 4 |8 1\u  |a 800  |q DE-101  |2 23/BSB 
085 |8 1\u  |b 800 
085 |8 1\u  |z 2  |s 4371 
100 1 |a Waller, Martin  |0 (DE-603)138482373 
245 0 0 |a Podrazy po česku  |c Martin Waller ; Karel Fišer 
250 |a Vyd. 1. 
264 1 |a Loukovice  |b Karel Fier  |c 2008 
300 |a 266 S. 
700 1 |a Fišer, Karel  |d 1960-  |0 (DE-603)215885368  |0 (DE-588)139240322  |2 gnd 
856 4 2 |m V:DE-603;B:DE-Mb50  |q application/pdf  |u http://scans.hebis.de/HEBCGI/show.pl?21439972_toc.pdf  |3 Inhaltsverzeichnis 
924 0 |9 Mb 50  |a (DE-603)579996506  |b DE-Mb50  |c HES  |d c  |g 09.5694 
924 0 |9 2080  |a (DE-603)792972724  |b DE-2080  |c HES  |d d  |g /